| 000 | 00416nam a2200157 i 4500 | ||
|---|---|---|---|
| 001 | 100553 | ||
| 003 | ES-MaACL | ||
| 005 | 20230906182709.0 | ||
| 007 | t| | ||
| 008 | 050929s1969 sp ||||1| spa d | ||
| 100 | 1 |
_aMasoliver, Liberata. _978749 |
|
| 245 | 1 | 0 |
_aTelón / _cLiberata Masoliver. |
| 260 |
_aBarcelona : _bJaimes Libros, _c1969. |
||
| 300 |
_a533 p. ; _c19 cm. |
||
| 852 |
_aES-MaACL _jC-50838 _bR.70861 |
||
| 999 |
_c100553 _d100553 |
||